000 00683nam a2200229Ia 4500
003 IN-BaIIA
008 211028s9999 xx 000 0 eng d
020 _a0-8243-1546-4
040 _cIIA Library
080 _a(05)539.1
_bANN-46
100 _aQuigg, Chris
_919313
245 0 _aAnnual review of nuclear and pticle science
_bvol. 46
_cChris Quigg, Peter Paul and Vera Lüth
260 _aPalo Alto
_bAnnual Reviews
_c1996
300 _aix, 658p.
650 _aAnnual review
_920965
650 _aElementary physics
_920966
650 _aNuclear physics
_91527
650 _apticle physics
_92818
700 _aLuth, Vera
_919315
700 _aPaul, Peter
_920967
942 _cBK
999 _c12049
_d12049